Responses for Show #2527 - Tuesday, September 5, 1995

Contestants

[<< previous game]

Carol Ann Hilton, a fundraiser from Washington, D.C.

Bill Vanko, a radio news director from Ellicott City, Maryland

Mark Temares, a project manager from Garden City, New York (whose 1-day cash winnings total $4,101)

[next game >>]

Jeopardy! Round responses

THE OLD WEST
BIRTHDAY'S THE SAME
GEMS & JEWELRY
BIOLOGY
CONGRESS
PROVERBS
    $100 26
roundup

Bill
    $100 16
October 31st

Bill
    $100 1
France

Mark
    $100 6
water

Carol Ann
    $100 21
committees

Carol Ann
    $100 11
the wind

Bill
    $200 27
coffee

Bill
    $200 17
(George) Gershwin

Bill
    $200 2
rubies

Mark
    $200 7
saliva

Bill
    $200 22
Speaker of the House

Mark
    $200 12
right

Bill
    $300 28
the Pony Express

Mark
    $300 18
Julia Child

Bill
    $300 3
amethyst

Carol Ann
    $300 8
a stamen

Mark
    $300 23
a treaty

Mark
    $300 13
deadly

Carol Ann
    $400 29
dime novels

Mark
    $400 19
Tony Orlando

Bill
    $400 4
garnet

Carol Ann
    $400 9
(Bill: What is the [**]?)
[Bill was ruled incorrect and the decision was reversed after the break.]

the triceps (quadriceps)

MarkBill
    $400 24
Strom Thurmond

Bill
    $400 14
(Alex: Yes, "In wine truth".)

veritas

Mark
    $500 30
the Buffalo Soldiers

Carol Ann
    $500 20
Talia Shire

Carol Ann
    $500 5
a diamond

Bill
    $500 10
(Bill: No.)

platelets

BillCarol Ann
    $500 25
(Bill: Who is Olympia Snowe?)

Margaret Chase Smith

Bill
    $500 15
rusts

Bill

Scores at the first commercial break (after clue 15):

Mark Bill Carol Ann
$1,400 $1,400 $1,600

Scores at the end of the Jeopardy! Round:

Mark Bill Carol Ann
$2,600 $2,600 $2,700

Double Jeopardy! Round responses

EUROPEAN HISTORY
SHAKESPEARE
U.S. GEOGRAPHY
POPES
LITERATURE
5-LETTER WORDS
    $200 21
Italy

Bill
    $200 17
(Bill: What is Othello?)

Macbeth

MarkBill
    $200 7
counties

Bill
    $200 26
a crusade

Mark
    $200 3
Dickens

Bill
    $200 1
arson

Mark
    $400 22
Germany

Carol Ann
    $400 13
Timon

Mark
    $400 11
(Mark: Who is Hiawatha?)

Evangeline

MarkCarol Ann
    $400 27
(Mark: What is St. Peter's?)

the Sistine Chapel

MarkCarol Ann
    $400 4
The Great Gatsby

Mark
    $400 6
a sieve

Mark
    $600 23
(Mark: What is Greece?)
(Carol Ann: Um, what is Holland?)

Portugal

MarkCarol Ann
Triple Stumper
    $600 14
(Mark: What is The Tempest?)
(Carol Ann: What is A Midsummer's Night's Dream? [*].)

A Midsummer Night's Dream

MarkCarol Ann
    $600 16
(Mark: What is Mississippi?)

Florida

MarkCarol Ann
    $600 28
a dove

Carol Ann
    $600 5
Lord of the Flies

Bill
    $600 8
(Bill: What is tease?)

crimp

BillCarol Ann
    $1,000 24
(Alex: When you say it that way it takes on a different connotation for someone like me. We've got a minute to go.)

the Bourbon house

Carol Ann
    $800 15
Troy

Bill
    $800 19
Detroit

Carol Ann
    $800 29
the College of Cardinals

Bill
    $800 10
Of Mice and Men

Bill
    $800 9
verse

Mark
    $1000 25
Talleyrand

Carol Ann
    $800 18
(Mark: Who is King Lear?)

Julius Caesar

Mark
    $1000 20
Grand Canyon & Grand Teton

Triple Stumper
    $1000 30
Pope John XXIII

Bill
    $1000 12
(James) Joyce

Mark
    $1000 2
glean

Mark

Scores at the end of the Double Jeopardy! Round:

Mark Bill Carol Ann
$3,800 $6,400 $8,500

[wagering suggestions for these scores]

Final Jeopardy! Round responses

FAMOUS NAMES
(Alex: [To Mark] No, he was born in Austria, as you know.)
MarkWho is Hitler?
$401
BillWho is Adolph Hitler?
$2,500
Carol AnnWho is Albert Einstein?
$4,301
Albert Einstein

Final scores:

Mark Bill Carol Ann
$3,399 $3,900 $12,801
3rd place: Dykstra grandfather clock + Jeopardy! Sports Edition for home computer or Super Nintendo 2nd place: Bassett dining room set & Wallace Silversmiths tea service + Jeopardy! Sports Edition for home computer or Super Nintendo New champion: $12,801

Game dynamics:

Coryat scores:

Mark Bill Carol Ann
$4,600 $6,900 $8,300
18 R,
6 W
(including 1 DD)
21 R,
4 W
(including 1 DD)
18 R
(including 1 DD),
1 W

Combined Coryat: $19,800

[game clues] [game scores] [suggest correction]

Game tape date: Unknown
The J! Archive is created by fans, for fans. Scraping, republication, monetization, and malicious use prohibited; this site may use cookies and collect identifying information. See terms. The Jeopardy! game show and all elements thereof, including but not limited to copyright and trademark thereto, are the property of Jeopardy Productions, Inc. and are protected under law. This website is not affiliated with, sponsored by, or operated by Jeopardy Productions, Inc. Join the discussion at JBoard.tv.